Statistiques concernant 100 Youtubers français ayant le plus d'abonnés

Cliquez ici pour prendre le quiz!

Statistiques générales

  • Ce quiz a été pris 234 fois
  • Le résultat moyen est 16 sur 100

Statistiques - réponses

Abonnés Nom de la chaîne % Correct
10,1 millionsCyprien
99%
8,2 millionsNorman
96%
7,4 millionsSqueezie
92%
3 millionsNatoo
81%
2,1 millionsAmixem
59%
3,5 millionsMister V
54%
2,6 millionsEnjoyPhoenix
54%
2,9 millionsAndy
51%
3,3 millionsLe Rire Jaune
45%
2,7 millionsJoueur du Grenier
41%
2,4 millionsTibo InShape
39%
5,9 millionsRémi Gaillard
37%
1,9 millionsSiphano
34%
4,2 millionsCyprienGaming
33%
1,1 millionsKemar
32%
2,2 millionsHugo Tout Seul
32%
2,5 millionsGolden Moustache
32%
2,7 millionsSeb la Frite
30%
2,6 millionsMr Antoine Daniel
30%
2 millionsSUP3R KONAR !
29%
2,8 millionsStudio Bagel
26%
1,5 millionsFrigiel
25%
1,3 millionsAypierre
24%
1,6 millionsMathieu Sommet
22%
1,5 millionsLes clichés de Jigmé
22%
0,9 millionsNewtiteuf
22%
2 millionsHugoPOSAY
21%
2,1 millionsLe Bled'Art
21%
1,4 millionsSananas
21%
2,7 millionsLe Woop
21%
1 millionVodKprod
20%
1,3 millionsLinksTheSun
20%
1 millionPoisson Fécond - Chris
19%
1 millionDr Nozman
18%
1,6 millionsPat la réalisation
16%
1,4 millionsHoria
15%
2,4 millionsLaChaineDeJeremy
15%
0,8 millionse-penser
15%
1,1 millionsGOTAGA
15%
1,4 millionsWaRTeKGaminG
14%
1,7 millionsFantaBobGames
14%
1,5 millionsLaSalle
14%
1,1 millionsLa Ferme Jerome
13%
1,8 millionsAziatomik
13%
2,5 millionsPalmashow
13%
1,6 millionsTheFantasio974
12%
1,6 millionsFastGoodCuisine
12%
1,2 millionsUn Panda Moqueur
11%
0,9 millionsJenesuispasjolie
9%
1,2 millionsMrBboy45
9%
1,6 millionsMrLEV12
8%
1,6 millionsJimmyfaitlcon
8%
2,1 millionsLes Tutos
7%
0,6 millionsUnsterbliicher
6%
0,5 millionsMisterJDay
6%
0,6 millionsJulien Josselin
6%
1,1 millionsMademoisiellexGloria
6%
0,9 millionsJhon Rachid
5%
0,8 millionsDanaemakeup
5%
0,5 millionsLe Fossoyeur de Films
5%
0,9 millionsCodJordan23
5%
0,8 millionsJEREMSTAR
5%
0,5 millionsTartinEx
5%
1,2 millionsEnjoyVlogging
4%
0,8 millionsWizGamerz
4%
0,9 millionsEmmyMakeUpPro
4%
0,7 millionsDiGiDiX
4%
0,7 millionsElsa Make Up
4%
0,8 millionsLufyMakes YouUp
4%
0,6 millionsLanguedePub / Minute Papillon
4%
1 millionLes Carnets de Jigmé
4%
0,9 millionsGonzaguetv
4%
1 millionsandrea26France
4%
0,7 millionsSkyyart et Chelxie
3%
0,9 millionsSo Andy
3%
0,6 millionsWonderFools
3%
0,9 millionsRose Carpet
3%
0,6 millionsFlorian Nguyen
3%
0,7 millionsParole de chat
2%
0,7 millionsGuzz Productions
2%
0,5 millionsExperimentBoy
2%
1,4 millionsLes Kassos
2%
1,5 millionsPlayComedyClub
2%
1,7 millionsDiabl0x9
2%
0,6 millionsLufy & Enzo
1%
0,6 millionsLa Ferme Jerome sur MTV
1%
0,5 millionsJeff Panacloc
1%
0,7 millionsJojol67
1%
0,5 millionsAMIN
1%
0,8 millionsbySankah Officiel
1%
0,7 millionsMisterVMusic
1%
0,7 millionsBapt & Gael
1%
0,7 millionsNoemie Makeup Touch
1%
0,7 millionsBodytime
1%
0,8 millionsCall of duty Quartier Général
0%
1 millionCaroline & Safia
0%
1 millionJérôme Jarre
0%
1 millionAiekillu
0%
0,7 millionsLe Dézapping du Before
0%
0,6 millionsGeorgiaSecrets
0%

Distribution des résultats

Percentile by Number Answered

% des personnes avec chaque résultat

Votre développement - résultats

Vous n’avez pas pris ce quiz